| 000 | 00559nam a22001817a 4500 | ||
|---|---|---|---|
| 003 | OSt | ||
| 005 | 20240404090043.0 | ||
| 008 | 240404b |||||||| |||| 00| 0 eng d | ||
| 020 | _a9780367314743 | ||
| 040 | _cn | ||
| 082 | _a690.0218 W244 2019 | ||
| 100 | _aWarner, Kee | ||
| 245 |
_a BUILDING RULES : how local controls shape community environments and economies / _cKEE MOLOTCH, HARVEY WARNER |
||
| 260 | _bROUTLEDGE, [S.l.], 2019 | ||
| 300 | _a204 p, 23 cm | ||
| 650 | _zAdministration locale Administration locale Californie | ||
| 942 |
_2ddc _cBK-EN _n0 |
||
| 999 |
_c6671 _d6671 |
||